000 01159cam a2200325 a 4500
003 CHAP
005 20220329142426.0
007 z
008 010117d1998 mx 10 spa d
010 _a83267
011 _a84239
035 _a94758
040 _cCHAP
090 _aCD-72
110 1 _aInstituto Nacional de Estadística, Geografía e Informática. México
_959304
245 0 _aAguascalientes hoja tipo F13D19 ( disco compacto) :
_bproductos geográficos básicos digitales
_c/por Instituto Nacional de Estadística, Geografía e Informática.
260 _aAguascalientes, Ags. :
_bInstituto Nacional de Estadística, Geografía e Informática,
_c1998.
300 _a1 disco compacto
_c5 1/4 plgs.
500 _aEn la portada dice c1999.
500 _aEscala 1: 50 000
590 _aBATCH-UPD
_b10
_c20130110
_lUCH01
_h2152
590 _aBATCH-UPD
_b10
_c20130410
_lUCH01
_h1500
590 _aCONVERSION
_b10
_c20130109
_lUCH01
_h1346
650 1 4 _aAguascalientes
_xGeografia.
_92601
650 1 4 _aAguascalientes
_xMapas.
_92604
901 _aBK
905 _aEdna Luz
942 _cCD
949 _aCD-72
_bBC
_cCD
_d33724000810073
_eCD
_i94758
_st
999 _c83267
_d83267